[Event "ICS rated bullet match"]
[Site "204.178.125.65"]
[Date "1999.11.29"]
[Round "?"]
[White "Hossa"]
[Black "Netsurfer"]
[Result "0-1"]
[WhiteElo "2601"]
[BlackElo "2706"]
[Annotator "Hiarcs 7.32 (11s)"]
[PlyCount "84"]
[EventDate "1999.??.??"]

1. e4 1... e6 {Opening = 8.Nf3 ---} 2. d4 d5 3. Nc3 Nf6 4. Bg5 dxe4 5. Nxe4 Be7
6. Nxf6+ Bxf6 7. Bxf6 Qxf6 8. Nf3 O-O (8... Bd7 9. Ne5 c5 10. Be2 Bc6 11. O-O
O-O 12. c3 Rd8 13. Nxc6 Nxc6 14. Qb3 cxd4 15. Qxb7 e5 16. Bf3 Rac8 17. Rfe1 Qd6
18. Rad1 Rc7 19. Qa6 f6 20. h3 Kf8 21. Qa4 Qc5 22. Rd3 Rb8 23. Red1 {
Fogarasi,T-Hoang Than Trang/Budapest FS08 GM 1996/EXP 54/1/2-1/2 (33)}) 9. c3
Nd7 10. Bd3 e5 11. Qc2 $11 (11. O-O $5 $14 11... exd4 12. Nxd4 Ne5 13. Be4 c6
14. Re1 g6 15. Qb3 Qd6 16. Rad1 Qc7 17. h3 Nd7 18. Qa3 Nf6 19. Bf3 Re8 20.
Rxe8+ Nxe8 21. Qc5 a6 22. Nxc6 Be6 23. Ne7+ Kg7 24. Qd4+ Nf6 25. Nd5 25... Bxd5
{Oll,L-Barsov,A/Budapest Spring op 1989/TD 89\06/1-0 (41)}) 11... exd4 {
Schwarz erhaelt starke Initiative} 12. cxd4 {
Schwarz erhaelt starke Drohungen in der geoeffneten e-Linie} 12... Qe7+ 13. Kf1
Nf6 14. Kg1 Bg4 15. Re1 Qd6 16. Ng5 {Wird h7 fallen?} 16... h6 17. Nh7 $17 (17.
Ne4 $5 {ist die kritische Fortsetzung} 17... Nxe4 18. Bxe4 $17) 17... Rfe8 $1 {
haelt den Vorteil fest} 18. Nxf6+ Qxf6 19. Rxe8+ Rxe8 20. Qc3 $19 (20. h3 Re1+
21. Kh2 Qd6+ 22. g3 Rxh1+ 23. Kxh1 Bf3+ 24. Kg1 24... Qxd4 $17) 20... c5 21. f3
cxd4 22. Qb4 $4 {macht die Sache nur schlimmer} (22. Qd2 $142 22... Bf5 23. Kf2
$19) 22... Qf4 {Droht Matt: Qe3} 23. Kf2 (23. h3 {holt die Kuh nicht vom Eis}
23... Bxf3 24. Bf1 24... Re5 $19) 23... Re3 $1 {nun ist alles klar. Droht Matt}
24. Qxb7 (24. Rd1 {waere gleichermassen fruchtlos} 24... Rxf3+ $1 {
Rueckgabe des Materials ist das staerkste} 25. Kg1 Qe3+ 26. Kh1 26... Qxd3 $19)
24... Rxd3 25. Ra1 (25. Qa8+ {bot noch bessere Widerstandsmoeglichkeiten} 25...
Kh7 26. Qe4+ Qxe4 27. fxe4 Rd2+ 28. Kg3 $19) 25... Bxf3 $1 {
ist die Ueberraschung!. Mit der Mattdrohung Rd2} 26. gxf3 Rd2+ (26... Qxh2+ 27.
Kf1 g5 28. Qc6 Rd2 29. Qe8+ Kg7 30. Qe5+ Qxe5 31. Re1 Qg3 32. Re2 Rd1+ 33. Re1
Rxe1#) 27. Kf1 27... Rxh2 $1 {die Entscheidung. Es droht Matt} 28. Qa8+ Kh7 29.
Qe4+ 29... Qxe4 {Mit der Mattdrohung Qxf3} 30. fxe4 Rh1+ 31. Ke2 31... Rxa1 $1
{kraeftig gespielt} 32. Kd3 h5 33. e5 33... h4 $1 {das war die Absicht} 34. e6
34... fxe6 $1 {entscheidend} 35. Kxd4 h3 36. a3 36... h2 {Es droht Matt} 37.
Ke5 h1=Q (37... Re1+ 38. Kd6 h1=Q 39. a4 Rd1+ 40. Ke7 Qb7+ 41. Kxe6 Qe4+ 42.
Kf7 Rf1#) 38. Kd4 Rd1+ (38... Qd5+ 39. Ke3 Rf1 40. b4 Rf3+ 41. Ke2 Qd3+ 42. Ke1
Rf1#) 39. Kc3 (39. Ke3 {aendert nichts am Ausgang der Partie} 39... Qe1+ 40.
Kf4 Rd4+ 41. Kf3 Qe4+ 42. Kf2 Qc2+ 43. Ke3 Re4+ 44. Kf3 Qe2+ 45. Kg3 Rg4+ 46.
Kh3 Qg2#) 39... Qd5 40. b4 Rc1+ 41. Kb2 Qd2+ 42. Kb3 Qc2# 0-1

[Event "ICS rated bullet match"]
[Site "204.178.125.65"]
[Date "1999.11.29"]
[Round "?"]
[White "Netsurfer"]
[Black "Hossa"]
[Result "1-0"]
[WhiteElo "2717"]
[BlackElo "2590"]
[Annotator "Hiarcs 7.32 (11s)"]
[PlyCount "99"]
[EventDate "1999.??.??"]

1. e4 1... e5 {Opening = 12.Rb1 b6 13.h3 Bh5} 2. Nf3 Nf6 3. Nxe5 d6 4. Nf3 Nxe4
5. d4 d5 6. Bd3 Bd6 7. O-O O-O 8. c4 c6 9. cxd5 cxd5 10. Nc3 Nxc3 11. bxc3 Bg4
12. h3 Bh5 13. Rb1 13... Qc8 $146 (13... b6 14. Re1 (14. Rb5 Bc7 15. c4 Bxf3
16. Qxf3 dxc4 17. Bxh7+ Kxh7 18. Qxa8 Qd6 19. Qe4+ f5 20. Qh4+ Kg8 21. g3 Nc6
22. Bf4 Qd7 23. Rd1 Bxf4 24. Qxf4 Nxd4 25. Re5 Ne2+ 26. Kh2 Nxf4 27. Rxd7 Nd3
28. Ree7 Ra8 29. Rxg7+ Kh8 30. Rg5 Rc8 31. Rd4 Rc7 32. Rh4+ Rh7 33. Rxc4 {
1-0 Rozsnyai,T-Mitlasovszki,I/Budapest Schneider op 1995/EXP 46 (33)}) 14...
Nc6 15. Rb5 (15. Kf1 Kh8 16. Rb5 {
1/2-1/2 Wolff,P-Akopian,V/USA-op Los Angeles 1991/TD 91\09 (16)}) (15. Qa4 Bxf3
16. Qxc6 Rc8 17. Qb5 Be4 18. Bxe4 dxe4 19. Rxe4 Rxc3 20. Bg5 f6 21. Bd2 Rc7 22.
Rbe1 Rcf7 23. Re6 Qd7 24. Qb3 Kh8 25. h4 Re7 26. Rxe7 Bxe7 27. Rxe7 Qxe7 28.
Bb4 Qf7 29. Bxf8 29... Qxf8 {
Berndt,S-Fyllingen,R/EU-chJ Sas van Gent 1992/EXP 32/1-0 (54)}) 15... a6 16.
Rxd5 Bh2+ 17. Kxh2 Qxd5 18. Be4 Qd6+ 19. g3 Bg6 20. Bf4 Qd7 21. Bxg6 hxg6 22.
d5 Na5 23. Ne5 Qb5 24. Qd4 Rac8 25. a4 Qc5 26. Qxc5 Rxc5 27. Nd7 Rxd5 28. Nxf8
{Riegler,P-Pavasovic,D/Bled op 1993/TD 93\04/1/2-1/2 (38)}) 14. Rb5 {
Weiss erhaelt Koenigsangriff} 14... Rd8 $2 $16 (14... Qd7 $5 $14 $142 {
ist noch spielbar}) 15. Bxh7+ $1 {zementiert den Vorteil} 15... Kxh7 $18 (15...
Kh8 16. Be4 dxe4 17. Rxh5+ Kg8 18. Ng5 $18) 16. Ng5+ 16... Kg6 $18 (16... Kh6
17. Nxf7+ Kg6 18. Nxd6 Rxd6 19. g4 $18) 17. Qd3+ f5 18. g4 18... Bxg4 $4 {
ein Versehen in unangenehmer Stellung} (18... Kf6 $142 19. gxh5 Na6 20. Nh7+
20... Kf7 $18) 19. hxg4 Be7 (19... Re8 $18 {
ist vielleicht noch ein Schwindelversuch}) 20. Rxb7 $3 {setzt den Vorteil
folgerichtig um. Weiss entwickelt Drohungen in der offenen b-Linie} 20... Bxg5
21. Rc7 $3 {das kroenende Opfer} 21... Qe6 22. gxf5+ Qxf5 23. Rxg7+ $3 {
das entscheidende Opfer.} 23... Kxg7 24. Qxf5 Bxc1 25. Rxc1 Nc6 (25... Na6 {
aendert nichts mehr} 26. Re1 Re8 27. Qd7+ Kf8 28. Qd6+ Kg7 29. Rxe8 Rxe8 30.
Qxa6 $18) 26. Rb1 {Droht Matt} 26... Rab8 (26... Na5 {
aendert den traurigen Lauf der Dinge nicht} 27. Rb5 $18) 27. Rxb8 $1 {
logisch und kraftvoll. Droht Matt} 27... Rxb8 28. Qd7+ Kf8 29. Qd6+ Kg7 30.
Qxc6 Rb2 31. Qxd5 {Der Freibauer d4 greift sofort ein} 31... Kg6 32. Qe6+ Kg5
33. Qe7+ Kf4 34. Qxa7 Ke4 35. c4 Kd3 36. Qa3+ Kc2 37. Qxb2+ $1 {
glaenzend gespielt} 37... Kxb2 38. c5 (38. Kf1 $5 {
laesst dem Gegner kaum Chancen} 38... Ka3 $18) 38... Kc3 39. c6 Kc4 40. c7 Kd5
41. c8=Q {Weiss erhaelt entscheidenden Koenigsangriff} 41... Kd6 42. Qc5+ Ke6
43. d5+ Kf5 44. d6+ Ke6 45. Qc6 (45. f4 Kf6 46. Qe5+ Kg6 47. Qg5+ Kf7 48. f5
Kf8 49. Qe7+ Kg8 50. d7 Kh8 51. d8=Q#) 45... Kf6 46. d7+ (46. Qe4 Kg5 47. f4+
Kf6 48. Kh2 Kg7 49. d7 Kf6 50. Qe5+ Kg6 51. Qe6+ Kg7 52. f5 Kf8 53. Qf6+ Kg8
54. a4 Kh7 55. Qg6+ Kh8 56. d8=Q#) 46... Ke7 47. Qd5 $1 {
ganz unerschrocken. Mit der Mattdrohung d8Q} 47... Kf6 48. d8=Q+ Kg6 (48... Kg7
{hilft allerdings auch nicht} 49. Q5g8+ Kh6 50. Qdg5#) 49. Q8g5+ Kh7 50. Qdg8#
1-0

[Event "ICS rated blitz match"]
[Site "204.178.125.65"]
[Date "1999.11.29"]
[Round "?"]
[White "Hossa"]
[Black "SharpShooter"]
[Result "0-1"]
[WhiteElo "2450"]
[BlackElo "2678"]
[PlyCount "176"]
[EventDate "1999.??.??"]

1. e4 Nc6 2. d4 e5 3. d5 Nce7 4. Nf3 Ng6 5. Bd3 Be7 6. O-O Nf6 7. c4 O-O 8. Nc3
d6 9. Re1 Bd7 10. Bd2 c6 11. Qb3 Rb8 12. Be3 cxd5 13. Nxd5 Nxd5 14. exd5 b6 15.
Qa3 f5 16. Bc2 e4 17. Nd4 Qc7 18. Ba4 Ne5 19. Bxd7 Qxd7 20. Ne6 Rfc8 21. b3 Nd3
22. Re2 b5 23. Qxa7 Rb7 24. Qa6 bxc4 25. bxc4 Bf6 26. Rd1 Nb4 27. Qa3 Rxc4 28.
Rb1 Qc8 29. Ree1 Rb8 30. Bd2 Ra8 31. Qg3 Nxd5 32. Qxd6 Rc6 33. Qxd5 Qxe6 34.
Qxe6+ Rxe6 35. a3 Rxa3 36. Rec1 Ra2 37. Be3 Kf7 38. Rb5 Re5 39. Rb8 Kg6 40. h3
Rea5 41. g4 h5 42. gxh5+ Kxh5 43. Rh8+ Kg6 44. Rcc8 Re2 45. h4 Raa2 46. h5+ Kf7
47. Bc5 Rac2 48. Rc7+ Ke6 49. Re8+ Kd5 50. Rec8 f4 51. Kf1 f3 52. Be3 Rxc7 53.
Rxc7 Rb2 54. Ke1 Be5 55. Rc5+ Ke6 56. Rc6+ Kf5 57. Rc5 Rb4 58. Ra5 Rb1+ 59. Kd2
Ra1 60. Rc5 Ra3 61. Ke1 Rd3 62. Rb5 Ke6 63. Rb6+ Kf7 64. Rb1 Bc3+ 65. Kf1 Rd5
66. Kg1 Rxh5 67. Rb7+ Ke6 68. Rb6+ Kf5 69. Rb8 Be5 70. Rb7 g6 71. Rb3 Bh2+ 72.
Kf1 Bc7 73. Kg1 Kg4 74. Bb6 Bh2+ 75. Kf1 Bf4 76. Kg1 Rh7 77. Be3 Rd7 78. Bxf4
Rd1+ 79. Kh2 Kxf4 80. Rb2 Rf1 81. Rb6 Rxf2+ 82. Kh3 Rg2 83. Rf6+ Ke3 84. Re6
Rg1 85. Kh4 f2 86. Rf6 Ke2 87. Rb6 f1=Q 88. Rb2+ 88... Kf3 {Hossa resigns} 0-1

[Event "ICS rated blitz match"]
[Site "204.178.125.65"]
[Date "1999.11.29"]
[Round "?"]
[White "Zippy"]
[Black "Hossa"]
[Result "0-1"]
[WhiteElo "2392"]
[BlackElo "2443"]
[PlyCount "156"]
[EventDate "1999.??.??"]

1. e4 e6 2. d4 d5 3. Nc3 Nf6 4. Bg5 dxe4 5. Nxe4 Be7 6. Bxf6 Bxf6 7. c3 Be7 8.
Nf3 O-O 9. Bc4 a6 10. O-O b5 11. Bd3 Bb7 12. a4 Nd7 13. axb5 axb5 14. Rxa8 Bxa8
15. Qb3 Qb8 16. Re1 b4 17. Qa4 Rd8 18. Re3 c5 19. Neg5 h6 20. Ne4 bxc3 21. bxc3
cxd4 22. cxd4 Nf6 23. h3 Nd5 24. Re1 Nf4 25. Bc2 Bd5 26. Kh1 Rc8 27. Re3 Qb2
28. Ne1 Bf8 29. Kh2 Rc4 30. Qb3 Qxb3 31. Bxb3 Rxd4 32. Bxd5 exd5 33. Nc3 Rd2
34. Nf3 Rc2 35. Nd1 Bc5 36. Re8+ Kh7 37. Rd8 Kg6 38. Rd7 Kf6 39. g3 Ke6 40. Rc7
Nd3 41. Nd4+ Kd6 42. Nxc2 Kxc7 43. Nce3 Kd6 44. Nf5+ Ke5 45. Nxg7 Nxf2 46. Nxf2
Bxf2 47. g4 d4 48. Kg2 Be3 49. Kf3 Bf4 50. Nh5 Bc1 51. Ke2 Ba3 52. Ng3 Bb4 53.
Kd3 Bc3 54. Ne2 Bb2 55. Ng1 Kf4 56. Ne2+ Kf3 57. Nxd4+ Bxd4 58. Kxd4 Kg3 59.
Ke4 Kxh3 60. Kf4 Kg2 61. Ke4 Kg3 62. Ke3 Kxg4 63. Kf2 f5 64. Kg2 h5 65. Kf2 f4
66. Kg2 f3+ 67. Kf1 h4 68. Kf2 Kf4 69. Kg1 h3 70. Kf1 Ke3 71. Kg1 f2+ 72. Kf1
h2 73. Kg2 h1=Q+ 74. Kxh1 f1=Q+ 75. Kh2 Ke4 76. Kg3 Qg1+ 77. Kh4 Kf4 78. Kh5
78... Qg5# {Zippy checkmated} 0-1

[Event "ICS rated blitz match"]
[Site "204.178.125.65"]
[Date "1999.11.29"]
[Round "?"]
[White "Hossa"]
[Black "Zippy"]
[Result "1-0"]
[WhiteElo "2457"]
[BlackElo "2378"]
[PlyCount "77"]
[EventDate "1999.??.??"]

1. e4 Nf6 2. e5 Nd5 3. c4 Nb6 4. d4 d6 5. exd6 cxd6 6. Nc3 Nc6 7. d5 Ne5 8. b3
g6 9. Bb2 Bg7 10. Be2 O-O 11. f4 Ned7 12. Nf3 Nc5 13. O-O Bf5 14. Qd2 Bf6 15.
b4 Na6 16. Nd1 Nd7 17. Nd4 Qb6 18. a3 Ndb8 19. Ne3 Bd7 20. f5 Nc7 21. Ng4 Bxf5
22. Nxf6+ exf6 23. Rf2 Bd7 24. Rxf6 Ne8 25. Rf2 f6 26. Qh6 Rf7 27. Bc3 Re7 28.
Re1 Qa6 29. Bb2 Qb6 30. Rff1 Re4 31. Rf4 Rxf4 32. Qxf4 a5 33. b5 Na6 34. Bf1
Nc5 35. Qh6 Qd8 36. Nf3 Na4 37. Ng5 Nc7 38. Qxh7+ Kf8 39. Qf7# {
Zippy checkmated} 1-0

[Event "ICS rated blitz match"]
[Site "204.178.125.65"]
[Date "1999.11.29"]
[Round "?"]
[White "Zippy"]
[Black "Hossa"]
[Result "0-1"]
[WhiteElo "2366"]
[BlackElo "2469"]
[Annotator "Hiarcs 7.32 (11s)"]
[PlyCount "234"]
[EventDate "1999.??.??"]

1. e4 1... e6 {Opening = 9.... 0-0 10.---} 2. d4 d5 3. Nd2 c5 4. exd5 exd5 5.
Ngf3 Nc6 6. Bb5 Bd6 7. O-O cxd4 8. Nb3 Nge7 9. Nbxd4 O-O 10. Re1 $146 (10. h3
a6 11. Bd3 Ng6 12. Nf5 Bxf5 13. Bxf5 Qf6 14. Bxg6 Qxg6 15. Qxd5 Rad8 16. Qb3
Nb4 17. Bg5 Nxc2 18. Bxd8 Nxa1 19. Qb6 Nc2 20. Rd1 Bf4 21. Qxb7 Nd4 22. Ba5
Ne2+ 23. Kf1 Qc2 24. Re1 24... Nc1 {
Armas,I-Bornemann,M/Dortmund op 1988/TD 88\03/1-0 (54)}) 10... Re8 11. c3 Bd7
12. g3 Nxd4 13. Nxd4 Bxb5 14. Nxb5 Bc5 15. Be3 Qb6 16. Bxc5 Qxc5 17. Qe2 Rad8
18. Nd4 Qc8 19. Qh5 Qd7 20. Rad1 Qa4 21. a3 Ng6 22. Kh1 Re4 23. f3 Re5 24. Qh3
Rde8 25. Rf1 a6 26. f4 Re3 27. Qf5 Ne7 28. Qh5 Qc4 29. Qg4 Ng6 30. Qd7 R8e7 31.
Qd6 Nf8 32. f5 f6 33. Kg1 Rd7 34. Qb8 Rf7 35. Qd8 Qa2 36. Rf2 Rd7 37. Qb8 Ree7
38. Ne6 Rf7 39. Qe8 Rde7 40. Qd8 Rd7 41. Qb8 Qb3 42. Rd4 Qb6 43. Rfd2 Rde7 44.
Kf2 a5 45. Qa8 a4 46. h4 h6 47. Rc2 Qb5 48. Re2 Qb6 49. g4 Qd6 50. Kf3 Qb6 51.
Red2 Qc6 52. Nxf8 Rxf8 53. Qxa4 b5 54. Qb3 Re5 55. Re2 Rd8 56. h5 Kh8 57. Red2
Rd7 58. Kg3 Rd8 59. Kh3 Kh7 60. Kg2 Re1 61. Rd1 Re5 62. Kf1 Qc5 63. Re1 Qc6 64.
Kf2 Qd6 65. Red1 Qc5 66. Kf1 Kh8 67. Qc2 Qe7 68. Qd3 Qe8 69. Qf3 Qc6 70. R1d3
Qd6 71. Kg2 Rde8 72. Rd2 Rd8 73. R4d3 Kg8 74. Kh3 Qc6 75. Rd4 Qd6 76. Rb4 Qc5
77. Rdd4 Rde8 78. Kh4 Ra8 79. Rd3 Rae8 80. Rbd4 Rd8 81. Rd2 Qd6 82. Rb4 Qc5 83.
Qf2 Qc6 84. Qf1 Rb8 85. a4 Rbe8 86. Qxb5 Qa8 87. Rdd4 Kh8 88. Qb7 Qd8 89. Qc6
R8e7 90. Rb5 Rd7 91. Rc5 Kh7 92. b4 Qe7 93. Qb5 Rb7 94. Qf1 Qd8 95. a5 Rc7 96.
Qb5 Rxc5 97. Qxc5 Qb8 98. Qb6 Qe8 99. a6 Re3 100. a7 Rxc3 101. Qe6 Qa8 102. Qf7
Ra3 103. Rxd5 $4 $11 {gibt den Vorteil aus der Hand} (103. Rd1 $142 {
und die Waage neigt sich zugunsten von Weiss} 103... Rxa7 104. Qxd5 $18) 103...
Rxa7 104. Qe6 Ra1 105. Qe4 105... Qa2 {Droht Matt: Qh2} 106. Kh3 Qf2 107. Rd3
107... Ra2 {Es droht Matt} 108. Qh1 Rb2 109. Rf3 Qd4 110. Qe1 Rxb4 111. Rg3 Qf4
112. Qe2 Rb1 113. Qg2 Rb8 114. Qf3 114... Qxf3 $14 (114... Qc1 115. Qf2 $11)
115. Rxf3 Kg8 116. Rc3 Re8 117. Rc7 Kh7 (117... Kh7 118. Kg3 Re3+ 119. Kh4
119... Rb3 $14) 0-1

[Event "ICS Rated blitz match"]
[Site "204.178.125.65"]
[Date "1999.11.29"]
[Round "?"]
[White "Hossa"]
[Black "Zippy"]
[Result "1-0"]
[WhiteElo "2480"]
[BlackElo "2355"]
[PlyCount "49"]
[EventDate "1999.??.??"]

1. e4 e6 2. d4 d5 3. Nc3 Bb4 4. Bd3 Nc6 5. a3 Ba5 6. Nf3 dxe4 7. Bxe4 Nge7 8.
b4 Bb6 9. Ne2 e5 10. O-O Nxd4 11. Nfxd4 exd4 12. Bb2 Bg4 13. Qd3 Bxe2 14. Qxe2
c6 15. Rad1 Kf8 16. Qc4 a5 17. Bxd4 Bxd4 18. Rxd4 Qc8 19. Re1 axb4 20. axb4 g6
21. Rd6 Qc7 22. Qd4 Rg8 23. Rd7 Nc8 24. Rxc7 f5 25. Qd8# {Zippy checkmated} 1-0

[Event "ICS rated blitz match"]
[Site "204.178.125.65"]
[Date "1999.11.29"]
[Round "?"]
[White "ural"]
[Black "Hossa"]
[Result "1-0"]
[WhiteElo "2128"]
[BlackElo "2490"]
[PlyCount "141"]
[EventDate "1999.??.??"]

1. e4 e6 2. Qe2 e5 3. f4 exf4 4. Nf3 Nc6 5. d4 g5 6. d5 Nb4 7. a3 Na6 8. h4 g4
9. Ne5 h5 10. Bxf4 Qe7 11. Nc3 Bh6 12. Nd3 d6 13. O-O-O Bxf4+ 14. Nxf4 Bd7 15.
g3 Nf6 16. Qe3 Nc5 17. Bg2 a6 18. Rhe1 O-O-O 19. e5 dxe5 20. Qxe5 Qxe5 21. Rxe5
Rde8 22. Rde1 Rxe5 23. Rxe5 Re8 24. Rxe8+ Bxe8 25. Kd2 Na4 26. Nxa4 Bxa4 27.
Kd3 a5 28. b3 Be8 29. c4 Kd7 30. Kd4 Ke7 31. Be4 b5 32. c5 a4 33. b4 Kf8 34.
Bf5 Kg8 35. c6 Kg7 36. Kc5 Kf8 37. Kxb5 Ke7 38. Kxa4 Kd6 39. b5 Ke5 40. Bc8 Kd6
41. Kb4 Ke5 42. a4 Kd6 43. a5 Ne4 44. Nxh5 Nf2 45. a6 Nd3+ 46. Ka5 Ne5 47. a7
Nc4+ 48. Ka6 Nb6 49. Nf4 f6 50. Kb7 f5 51. a8=Q Nxa8 52. Kxa8 Ke7 53. Kb7 Kf6
54. Kxc7 Ke5 55. d6 Ke4 56. d7 Bf7 57. d8=Q Bc4 58. Qd6 Kf3 59. Qc5 Bxb5 60.
Qxb5 Kxg3 61. Qxf5 Kf2 62. Qxg4 Ke3 63. Nd5+ Kd2 64. Qf3 Kc2 65. Bf5+ Kd2 66.
Qd3+ Ke1 67. Qc2 Kf1 68. Be4 Ke1 69. Bf3 Kf1 70. Qe2+ Kg1 71. Qg2# {
Hossa checkmated} 1-0

[Event "ICS rated blitz match"]
[Site "204.178.125.65"]
[Date "1999.11.29"]
[Round "?"]
[White "Hossa"]
[Black "ural"]
[Result "1-0"]
[WhiteElo "2462"]
[BlackElo "2156"]
[PlyCount "29"]
[EventDate "1999.??.??"]

1. d4 Nf6 2. c4 d6 3. Nc3 c6 4. e4 Nbd7 5. Nf3 e5 6. Be2 g6 7. dxe5 dxe5 8. O-O
Qe7 9. Nd2 Bh6 10. Nb3 Bxc1 11. Qxc1 O-O 12. Qh6 Rd8 13. f4 Nc5 14. Nxc5 Qd6
15. Nb3 {ural resigns} 1-0

[Event "ICS rated blitz match"]
[Site "204.178.125.65"]
[Date "1999.11.29"]
[Round "?"]
[White "gonzalez"]
[Black "Hossa"]
[Result "0-1"]
[WhiteElo "2369"]
[BlackElo "2467"]
[PlyCount "24"]
[EventDate "1999.??.??"]

1. e4 Nc6 2. Nf3 e5 3. d4 exd4 4. c3 dxc3 5. Bc4 cxb2 6. Bxb2 Bb4+ 7. Nc3 Nge7
8. Qc2 O-O 9. O-O-O d6 10. Ng5 Ne5 11. Bb3 N7g6 12. Nd5 12... Qxg5+ {
gonzalez resigns} 0-1

[Event "ICS rated blitz match"]
[Site "204.178.125.65"]
[Date "1999.11.29"]
[Round "?"]
[White "Beadle"]
[Black "Hossa"]
[Result "1-0"]
[WhiteElo "2562"]
[BlackElo "2479"]
[PlyCount "113"]
[EventDate "1999.??.??"]

1. d4 Nf6 2. c4 g6 3. Nc3 d5 4. Nf3 Bg7 5. Bf4 dxc4 6. e4 O-O 7. Bxc4 Nc6 8.
Bb5 Bd7 9. e5 Nh5 10. Be3 Rb8 11. Bxc6 bxc6 12. b3 f6 13. h3 fxe5 14. dxe5 Nf4
15. O-O Rb7 16. Re1 Qe8 17. Rc1 Qc8 18. Bxf4 Rxf4 19. Nd4 Rb4 20. Nce2 Rf7 21.
Qd2 Rb6 22. f4 Rf8 23. Rc3 a5 24. Rec1 a4 25. Nxc6 Bxc6 26. Rxc6 Rd8 27. Qa5
Rxc6 28. Rxc6 Rd1+ 29. Kf2 axb3 30. Rxc7 Qd8 31. axb3 e6 32. Qb6 Qe8 33. Rb7
Rd8 34. Nd4 Rc8 35. Qxe6+ Qxe6 36. Nxe6 Bh6 37. Kf3 Re8 38. Nc5 Bg7 39. b4 g5
40. g3 h6 41. Ke4 gxf4 42. gxf4 Kh8 43. Nd7 Re7 44. b5 h5 45. Rc7 Re8 46. b6
Bf8 47. b7 Rd8 48. Nf6 Bg7 49. Rc8 Bxf6 50. Rxd8+ Bxd8 51. b8=Q Kg7 52. Qxd8
Kf7 53. Qd7+ Kg6 54. f5+ Kg5 55. Qd8+ Kh6 56. Qh8+ Kg5 57. Qf6# {
Hossa checkmated} 1-0

[Event "ICS rated blitz match"]
[Site "204.178.125.65"]
[Date "1999.11.29"]
[Round "?"]
[White "Hossa"]
[Black "Malignus"]
[Result "1-0"]
[WhiteElo "2467"]
[BlackElo "2247"]
[PlyCount "41"]
[EventDate "1999.??.??"]

1. d4 Nf6 2. c4 g6 3. Nc3 Bg7 4. Nf3 O-O 5. e4 d6 6. Bg5 h6 7. Bf4 Nbd7 8. Be2
c6 9. O-O Qc7 10. Qc1 e5 11. Bxh6 exd4 12. Nxd4 Nc5 13. Bxg7 Kxg7 14. Qf4 Rh8
15. Ndb5 cxb5 16. Qxf6+ Kxf6 17. Nd5+ Ke5 18. f4+ Kxe4 19. Bf3+ Kd3 20. Rfd1+
Kxc4 21. Rac1# {Malignus checkmated} 1-0

[Event "ICS rated blitz match"]
[Site "204.178.125.65"]
[Date "1999.11.29"]
[Round "?"]
[White "Zippy"]
[Black "Hossa"]
[Result "1-0"]
[WhiteElo "2347"]
[BlackElo "2474"]
[PlyCount "95"]
[EventDate "1999.??.??"]

1. e4 Nc6 2. Nf3 e5 3. Bb5 a6 4. Ba4 Nf6 5. O-O b5 6. Bb3 Bc5 7. d3 d6 8. c3
Bg4 9. Bg5 Qc8 10. Bxf6 gxf6 11. Bd5 Bd7 12. d4 Ba7 13. Nbd2 Rg8 14. a4 Qb7 15.
Qb3 Rg7 16. axb5 axb5 17. Kh1 Qb6 18. g3 Bh3 19. Rfe1 h5 20. Ra3 Bd7 21. Rea1
exd4 22. cxd4 h4 23. Ra6 Qb7 24. Qc3 f5 25. Nxh4 fxe4 26. Nxe4 Kd8 27. Bxc6
Bxc6 28. Qxc6 Qxc6 29. Rxc6 f5 30. Nc3 Kd7 31. d5 Rgg8 32. Rca6 b4 33. Nb5 Rab8
34. Nxa7 Rbe8 35. Rc1 Re5 36. Rac6 Rxd5 37. Rxc7+ Ke6 38. Nf3 Ra5 39. Nc6 Ra2
40. Nxb4 Ra5 41. Nd4+ Kf6 42. Rd7 Rga8 43. Kg2 Kg6 44. Rxd6+ Kh5 45. Nd3 R5a6
46. Nf4+ Kg4 47. f3+ Kg5 48. h4# {Hossa checkmated} 1-0

[Event "ICS rated blitz match"]
[Site "204.178.125.65"]
[Date "1999.11.29"]
[Round "?"]
[White "Hossa"]
[Black "Astra"]
[Result "1/2-1/2"]
[WhiteElo "2452"]
[BlackElo "2178"]
[PlyCount "137"]
[EventDate "1999.??.??"]

1. e4 c5 2. Nf3 Nc6 3. d4 cxd4 4. Nxd4 Nf6 5. Nc3 e6 6. Nxc6 bxc6 7. e5 Nd5 8.
Ne4 Qc7 9. f4 Qb6 10. Bd3 Ba6 11. Qd2 Bb4 12. c3 Bxd3 13. Qxd3 Be7 14. c4 Bb4+
15. Nc3 Nxc3 16. bxc3 Bc5 17. Rf1 g6 18. Rf3 h5 19. Kf1 Rb8 20. Be3 O-O 21. Rd1
Rfd8 22. Bxc5 Qxc5 23. Rf2 a5 24. Rfd2 a4 25. Rf2 a3 26. Rfd2 Rb7 27. Re1 Rdb8
28. Rc1 Rb2 29. Rcd1 R8b7 30. h3 Qa5 31. Kg1 Qa7+ 32. Kh1 Qa4 33. h4 Rxd2 34.
Rxd2 Rb2 35. Re2 c5 36. Kg1 Qc6 37. Kf1 Kg7 38. Ke1 Qa6 39. Kf2 Qa4 40. Ke3
Rxe2+ 41. Qxe2 Qc6 42. g4 hxg4 43. Qxg4 Qh1 44. Qe2 Qh3+ 45. Qf3 Qxh4 46. Qg2
Qe1+ 47. Kd3 Qb1+ 48. Ke3 Qb2 49. Qd2 Qxd2+ 50. Kxd2 g5 51. fxg5 Kg6 52. Kc2
Kxg5 53. Kb3 Kf4 54. Kxa3 Kxe5 55. Kb3 f5 56. Kc2 f4 57. a4 Kd6 58. Kd3 Kc6 59.
Ke4 e5 60. a5 Kb7 61. Kf3 Ka6 62. Kg4 Kxa5 63. Kf3 Ka4 64. Kf2 Kb3 65. Kf1 Kxc3
66. Kg2 Kxc4 67. Kf3 Kd3 68. Kg4 c4 69. Kf5 {
Astra ran out of time and Hossa has no material to mate} 1/2-1/2

[Event "ICS rated blitz match"]
[Site "204.178.125.65"]
[Date "1999.11.29"]
[Round "?"]
[White "Hossa"]
[Black "Zippy"]
[Result "1/2-1/2"]
[WhiteElo "2441"]
[BlackElo "2395"]
[PlyCount "56"]
[EventDate "1999.??.??"]

1. e4 e6 2. Qe2 c5 3. e5 Nc6 4. Nf3 d5 5. exd6 Bxd6 6. Na3 Nf6 7. Nc4 Bc7 8. g3
O-O 9. Bg2 b5 10. Nce5 Nb4 11. d3 Bb7 12. Bf4 Nh5 13. O-O Nxf4 14. gxf4 f6 15.
Ng4 Qd6 16. Nh4 Bxg2 17. Nxg2 h6 18. a4 a6 19. Rfe1 Rfe8 20. axb5 axb5 21. Rxa8
Rxa8 22. Qe4 Nd5 23. Qg6 Kf8 24. Qh7 Qc6 25. Qh8+ Kf7 26. Qh7 Kf8 27. Qh8+ Kf7
28. Qh7 28... Kf8 {Game drawn by repetition} 1/2-1/2

[Event "ICS Rated blitz match"]
[Site "204.178.125.65"]
[Date "1999.11.29"]
[Round "?"]
[White "Astra"]
[Black "Hossa"]
[Result "0-1"]
[WhiteElo "2175"]
[BlackElo "2439"]
[PlyCount "96"]
[EventDate "1999.??.??"]

1. e4 c5 2. c3 d5 3. exd5 Qxd5 4. d4 Nc6 5. Nf3 Nf6 6. dxc5 Qxd1+ 7. Kxd1 e5 8.
Bb5 Bg4 9. Be3 e4 10. h3 exf3 11. hxg4 fxg2 12. Rg1 O-O-O+ 13. Ke2 Nxg4 14.
Bxc6 bxc6 15. b4 Re8 16. Rxg2 Nxe3 17. fxe3 g6 18. Kf3 f5 19. Nd2 Bg7 20. Nc4
Kc7 21. Rc1 Re4 22. Nd6 Rxe3+ 23. Kxe3 Bh6+ 24. Kd3 Bxc1 25. Re2 Kd7 26. a4 Bf4
27. Kc4 Rd8 28. Nb7 Rb8 29. Na5 a6 30. Re1 Rc8 31. Rd1+ Ke6 32. Re1+ Kf6 33.
Rf1 Be5 34. Rd1 Bb8 35. Rd7 f4 36. Nb3 h5 37. Nd4 Be5 38. b5 axb5+ 39. axb5
cxb5+ 40. Kxb5 g5 41. c6 g4 42. Kb6 f3 43. Ra7 Rb8+ 44. Kc5 f2 45. Ra1 g3 46.
Nc2 g2 47. Ne3 g1=Q 48. Rxg1 48... fxg1=Q {Astra resigns} 0-1

[Event "ICS rated blitz match"]
[Site "204.178.125.65"]
[Date "1999.11.29"]
[Round "?"]
[White "Zippy"]
[Black "Hossa"]
[Result "0-1"]
[WhiteElo "2397"]
[BlackElo "2445"]
[PlyCount "96"]
[EventDate "1999.??.??"]

1. e4 c5 2. Nf3 d6 3. d4 Nf6 4. Nc3 cxd4 5. Nxd4 Nc6 6. Bb5 Bd7 7. Bg5 e6 8.
O-O Be7 9. Bxc6 bxc6 10. f4 Qb8 11. Rb1 Bd8 12. h3 h6 13. Bxf6 gxf6 14. Qg4 Bb6
15. a4 Bxd4+ 16. Kh1 Qb4 17. Ne2 Be3 18. Qg7 O-O-O 19. Nc3 f5 20. exf5 Bxf4 21.
f6 Rdf8 22. Qg4 e5 23. Qf3 d5 24. Ne2 Bg5 25. b3 Rhg8 26. c4 d4 27. Qe4 Re8 28.
Qh7 Qd2 29. Qe4 Qe3 30. Qxe3 Bxe3 31. Rbd1 c5 32. Kh2 e4 33. Rde1 Bc6 34. g4 d3
35. Ng3 Bd2 36. Rd1 e3 37. Rg1 Rg6 38. Nf5 Rxf6 39. h4 Bd7 40. Kh3 Bxf5 41.
gxf5 Rd6 42. a5 Bb4 43. Rdf1 d2 44. Kg4 e2 45. Rg3 exf1=Q 46. Rf3 d1=Q 47. Kg3
Qdxf3+ 48. Kh2 48... Q1g2# {Zippy checkmated} 0-1